Một số vấn đề ngôn ngữ học Việt nam

में बचाया:
ग्रंथसूची विवरण
मुख्य लेखक: Nguyễn Tài Cẩn
स्वरूप: पुस्तक
भाषा:Undetermined
प्रकाशित: Hà Nội ĐH và THCN 1981
विषय:
टैग : टैग जोड़ें
कोई टैग नहीं, इस रिकॉर्ड को टैग करने वाले पहले व्यक्ति बनें!
Thư viện lưu trữ: Trung tâm Học liệu Trường Đại học Cần Thơ
LEADER 00506nam a2200169Ia 4500
001 CTU_574
008 210402s9999 xx 000 0 und d
082 |a 495.922 
082 |b C121 
100 |a Nguyễn Tài Cẩn 
245 0 |a Một số vấn đề ngôn ngữ học Việt nam 
245 0 |c Nguyễn Tài Cẩn 
260 |a Hà Nội 
260 |b ĐH và THCN 
260 |c 1981 
650 |a vietnamese language 
980 |a Trung tâm Học liệu Trường Đại học Cần Thơ